000 00416nam a2200133Ia 4500
008 220216s9999 xx 000 0 und d
100 _aUe H
245 0 _aCharacterization of carbon black structure by mercury penetration
260 _bProceedings of the International Rubber Conference, Kobe, Japan, 1995; p315-318
650 _aCarbon black
650 _aMercury penetration
700 _aMisono S
942 _cJS
999 _c55415
_d55415